书目信息 |
| 题名: |
社区设计
|
|
| 作者: | 梅尔霍夫 著 ;谭新娇 译 | |
| 分册: | ||
| 出版信息: | 北京 中国社会出版社 2002 |
|
| 页数: | 179页 | |
| 开本: | 19cm | |
| 丛书名: | 世界社区理论与实务经典丛书 | |
| 单 册: | ||
| 中图分类: | C912.8 | |
| 科图分类: | ||
| 主题词: | 社区--城市建设--研究 | |
| 电子资源: | ||
| ISBN: | 7-80146-635-7 | |
| 000 | 00705nam2 2200229 45 | |
| 001 | 0404071442 | |
| 005 | 20040407143506.0 | |
| 010 | @a7-80146-635-7@dCNY15.00 | |
| 100 | @a20040407d2002 km y0chiy0120 ea | |
| 101 | 0 | @achi@ceng |
| 105 | @a z 000yy | |
| 200 | 1 | @a社区设计@AShe Qu She Ji@f(美)阿瑟·梅尔霍夫著@F(Mei)A Se·Mei Er Huo Fu Zhu@g谭新娇译 |
| 210 | @a北京@c中国社会出版社@d2002 | |
| 215 | @a179页@d19cm | |
| 225 | @a世界社区理论与实务经典丛书 | |
| 410 | @12001 @a世界社区理论与实务经典丛书 | |
| 606 | 0 | @a社区@x城市建设@x研究 |
| 690 | @aC912.8@v4 | |
| 701 | 0 | @a梅尔霍夫@4著 |
| 702 | 0 | @a谭新娇@ATan Xin Jiao@4译 |
| 801 | @aCN@bTSTC@c20040407 | |
| 905 | @b331041-045@dC912.8@e310@f5 | |
| 社区设计/(美)阿瑟·梅尔霍夫著/谭新娇译.-北京:中国社会出版社,2002 |
| 179页;19cm.-(世界社区理论与实务经典丛书) |
| ISBN 7-80146-635-7:CNY15.00 |
| ● |
| 相关链接 |
|
|
|
|
正题名:社区设计
索取号:C912.8/310
 
预约/预借
| 序号 | 登录号 | 条形码 | 馆藏地/架位号 | 状态 | 备注 |
| 1 | 0331041 | 203310416 | 第一借阅区/ [索取号:C912.8/310] | 在馆 | |
| 2 | 0331042 | 203310425 | 第一借阅区/ [索取号:C912.8/310] | 在馆 | |
| 3 | 0331043 | 203310434 | 第一借阅区/ [索取号:C912.8/310] | 在馆 | |
| 4 | 0331044 | 203310443 | 第一借阅区/ [索取号:C912.8/310] | 在馆 | |
| 5 | 0331045 | 203310452 | 第一样本阅览室/ [索取号:C912.8/310] | 在馆 |